000
00352nam a22001097a 4500
082
_a
900
100
_a
बंसल ,कीर्ति
_9
83834
245
_a
भारतीय विज्ञानं के रत्न सी.वी.रमन
260
_a
भोपाल
_b
आईसेक्ट
_c
2023
650
_a
जीवनी
942
_c
HIN
999
_c
68825
_d
68825